Proyecto plan de manejo y conservación de la tortuga charapa Podocnemis expansa, en el medio y bajo río Caquetá, Amazonas, Colombia (Registro nro. 733)

Detalles MARC
000 -CABECERA
Campo de control 01004nam a2200277 a 4500
005 - FECHA Y HORA DE LA ULTIMA TRANSACCION
Campo de control 20200104041514.0
008 - ELEMENTOS DE LONGITUD FIJA—INFORMACION GENERAL
Campo de control 140221b1998 ck ||||| |||| 00| 0 spa d
040 ## - FUENTE DE CATALOGACIÓN
Agencia catalogadora original CO-BoIAVH
Agencia transcriptora CO-BoIAVH
041 ## - IDIOMA
Código de idioma para texto/pista de sonido o título separado Español
044 ## - PAÍS DE PUBLICACIÓN
País de publicación Colombia
090 ## - CLASIFICACIÓN LOCAL
Colección LB
Consecutivo 00718
110 ## - ASIENTO PRINCIPAL--NOMBRE CORPORATIVO
Unidad subordinad Fundación Natura Colombia
245 ## - MENCION DE TITULO
Título Proyecto plan de manejo y conservación de la tortuga charapa Podocnemis expansa, en el medio y bajo río Caquetá, Amazonas, Colombia
260 ## - PUBLICACION, DISTRIBUCION, ETC. (PIE DE IMPRENTA)
Lugar de publicación, distribución, etc. Bogotá
Nombre del editor, distribuidor, etc. Fundación Natura
-- UAESPNN
Fecha de publicación, distribución, etc. 1998
300 ## - DESCRIPCION FISICA
Extensión 3 vol.
505 ## - NOTA DE CONTENIDO
Nota de contenido Vol. 1: Biología de la conservación
505 ## - NOTA DE CONTENIDO
Nota de contenido Vol. 2: Trabajo social y comunitario
650 ## - ASIENTO SECUNDARIO DE MATERIA - TERMINO TEMATICO
Término temático o nombre geográfico como elemento de entrada Manejo de recursos
650 ## - ASIENTO SECUNDARIO DE MATERIA - TERMINO TEMATICO
Término temático o nombre geográfico como elemento de entrada Conservación de biodiversidad
650 ## - ASIENTO SECUNDARIO DE MATERIA - TERMINO TEMATICO
Término temático o nombre geográfico como elemento de entrada Guías para elaboración de proyectos
650 ## - ASIENTO SECUNDARIO DE MATERIA - TERMINO TEMATICO
Término temático o nombre geográfico como elemento de entrada Métodos de campo
650 ## - ASIENTO SECUNDARIO DE MATERIA - TERMINO TEMATICO
Término temático o nombre geográfico como elemento de entrada Ecología de poblaciones
650 ## - ASIENTO SECUNDARIO DE MATERIA - TERMINO TEMATICO
Término temático o nombre geográfico como elemento de entrada Planes de manejo ambiental
710 ## - ASIENTO SECUNDARIO - NOMBRE CORPORATIVO
Nombre corporativo o de jurisdicción como elemento de entrada ^aColombia. Ministerio del Medio Ambiente
942 ## - ELEMENTOS ADICIONALES (KOHA)
Tipo de ítem Informe Técnico
Sistema de clasificación Local
Existencias
Withdrawn status Lost status Sistema de Clasificación Damaged status No para préstamo Colección Inventariado Ubicación Permanente Ubicación actual Fecha de adquisición Total Checkouts Número topográfico Inventario / Código de Barras Date last seen Ejemplar Price effective from Forma de adquisición Tipo de material
    Local     General Inventariado 2017 Bogotá Bogotá 07/09/1998   LB-00718 001029 04/12/2012 V.1 Ej. 1 04/12/2012   Informe Técnico
    Local     General Inventariado 2017 Bogotá Bogotá 07/09/1998   LB-00718 001030 04/12/2012 V. 2 Ej. 1 04/12/2012   Informe Técnico